| 000 | 00737nam a22001817a 4500 | ||
|---|---|---|---|
| 005 | 20240703161123.0 | ||
| 010 | _aENG-140745 | ||
| 020 |
_c1675.00 _a9788193733936 |
||
| 035 | _aEN-124277 | ||
| 037 | _bDBAD | ||
| 082 | _a668.4 | ||
| 100 |
_aby NPCS Board of Consultants & Engineers _968069 |
||
| 245 |
_aWax Polishes Manufacturing Handbook: _bwith Process and Formulae/ _cby NPCS Board of Consultants & Engineers |
||
| 260 |
_aDelhi _bNiir Project Consultancy Services _c2019 |
||
| 270 |
_bDelhi _a106-E, Opp. Spark Mall, Kamla Nagar _e110007 _k01123842955 _k01123845654 _k01123845886 _k08800733955 _l+911123845886 _mnpcs.india@gmail.com _minfo@niir.org |
||
| 300 |
_axxi, 362p. _c21cm (pb) |
||
| 942 |
_2ddc _cEN _h668.4 _mWAX |
||
| 999 |
_c203918 _d203918 |
||